| 000 | 00715nam a2200205 a 4500 | ||
|---|---|---|---|
| 005 | 20221111063535.0 | ||
| 008 | 071107s2004 es 000 0 spa d | ||
| 020 | _a8449316235 | ||
| 035 | _aUPN01000153401 | ||
| 049 | _aCG | ||
| 050 | 4 |
_aHD4905 _bB8.3 |
|
| 245 | 0 | 3 |
_aLa buena opción : _bcómo la gente joven afronta los dilemas éticos en el trabajo / _cWendy Fischman ... [et al.] ; tr. Gemma Andújar. |
| 260 |
_aBarcelona, Esp. : _bPaidós, _cc2004. |
||
| 300 | _a198 p. | ||
| 440 | 0 |
_aPaidós contextos ; _v93 |
|
| 534 |
_pTítulo original: _tMaking good : how young people cope with moral dilemmas at work |
||
| 650 | 2 |
_aÉtica profesional _96936 |
|
| 700 | 1 |
_aFischman, Wendy, _ecoaut. |
|
| 905 | _aLibro | ||
| 999 |
_c125522 _d125522 |
||